INRA III- Status, prospects and future buffer stock operations (Record no. 61436)
[ view plain ]
| 000 -LEADER | |
|---|---|
| fixed length control field | 00352nam a2200109Ia 4500 |
| 100 ## - MAIN ENTRY--AUTHOR NAME | |
| Personal name | Hegarty James |
| 245 #0 - TITLE STATEMENT | |
| Title | INRA III- Status, prospects and future buffer stock operations |
| 260 ## - PUBLICATION, DISTRIBUTION, ETC. (IMPRINT) | |
| Name of publisher | IRRDB Information Quarterly 1996 Part 4 p3-4 |
| 650 ## - SUBJECT ADDED ENTRY--TOPICAL TERM | |
| Topical Term | International Natural Rubber Agreement |
| 942 ## - ADDED ENTRY ELEMENTS (KOHA) | |
| Koha item type | Journals |
| Withdrawn status | Lost status | Damaged status | Not for loan | Home library | Current library | Shelving location | Date acquired | Koha item type |
|---|---|---|---|---|---|---|---|---|
| Journals | RRII Library | RRII Library | Agricultural economics | 17/12/2021 | Journals |